Statistics for North American Cities by Football (Soccer) Club

Click here to take the quiz!

General Stats

  • This quiz has been taken 31 times
    (8 since last reset)
  • The average score is 10 of 18

Answer Stats

Club City % Correct
___ ____ Red BullsNew York
100%
_______ SoundersSeattle
100%
_________ WhitecapsVancouver
100%
________ ImpactMontreal
83%
GalaxyLos Angeles
83%
________ TimbersPortland
67%
Sporting ______ ____Kansas City
67%
_______ FireChicago
67%
_______ DynamoHouston
67%
Club AméricaMexico City
50%
___ _______ RevolutionBoston
50%
Deportivo SaprissaSan José
33%
________ RapidsDenver
33%
ComunicacionesGuatemala City
33%
ChivasGuadalajara
33%
RacingPort-au-Prince
17%
AlianzaSan Salvador
17%
OlimpiaTegucigalpa
17%

Score Distribution

Percentile by Number Answered

Percent of People with Each Score

Your Score History

You have not taken this quiz since the last reset